00561nam a2200157Ia 4500008004100000100002100041245010100062245002100163260005900184260000900243650001800252650001500270856002600285999001900311952007300330170221s9999 xx 000 0 und d aIdo Prijana Hadi aLocal Media and Media Convergence a Case Study of Suara Surabaya Radio as an Interactive Media  cIdo Prijana Hadi bOnline Journal of Communication and Media Technologies c2016 xCommunication xMedia Arts uhttp://www.ojcmt.net/ c309147d309147 001040aCLbCLd2017-02-21l0r2017-02-21 00:00:00w2017-02-21yFOJ